[Event "Pan American-ch U12"]
[Site "Oaxtepec"]
[Date "2014.07.16"]
[Round "9"]
[White "Arboleda, Juan Manuel"]
[Black "Frutos, Chase"]
[Result "0-1"]
[WhiteElo "1906"]
[BlackElo "1612"]
[PlyCount "70"]
[EventDate "2014.07.11"]
[EventType "swiss"]
[EventRounds "9"]
[EventCountry "MEX"]
[SourceTitle "EXT 2022"]
[Source "ChessBase"]
[SourceDate "2021.10.06"]
[SourceVersion "1"]
[SourceVersionDate "2021.10.06"]
[SourceQuality "1"]

1. e4 c5 2. Nf3 d6 3. d4 cxd4 4. Nxd4 Nf6 5. Nc3 g6 6. Bg5 Bg7 7. Bb5+ Bd7 8. Qe2 0-0 9. Bxd7 Qxd7 10. 0-0-0 a6 11. f4 h6 12. Bh4 Nh5 13. Rhf1 Nc6 14. Nxc6 bxc6 15. e5 d5 16. g4 Nxf4 17. Rxf4 g5 18. Rf5 gxh4 19. Qf2 f6 20. Na4 fxe5 21. Rf1 Rxf5 22. gxf5 Qd6 23. Nc5 Bf6 24. Ne6 Bg5+ 25. Kb1 Kf7 26. Qe2 Kf6 27. Qh5 Rg8 28. Nxg5 hxg5 29. Qh7 Rg7 30. Qh8 Kf7 31. Qc8 c5 32. Rf3 Rg8 33. Qb7 Rb8 34. Qa7 Qb6 35. Qxb6 Rxb6 0-1

[Event "Toronto NAYCC U12"]
[Site "Toronto"]
[Date "2013.08.15"]
[Round "3"]
[White "Frutos, Chase"]
[Black "Li, Ben"]
[Result "0-1"]
[WhiteElo "1942"]
[BlackElo "2037"]
[PlyCount "120"]
[EventDate "2013.08.14"]
[EventType "swiss"]
[EventRounds "9"]
[EventCountry "CAN"]
[SourceTitle "EXT 2022"]
[Source "ChessBase"]
[SourceDate "2021.10.06"]
[SourceVersion "1"]
[SourceVersionDate "2021.10.06"]
[SourceQuality "1"]

1. e4 c5 2. Nf3 d6 3. d4 cxd4 4. Nxd4 Nf6 5. Nc3 a6 6. Bg5 e6 7. f4 Be7 8. Qf3 Qc7 9. 0-0-0 Nbd7 10. Bd3 h6 11. Qh3 b5 12. Rhe1 Bb7 13. Bxf6 Nxf6 14. Qg3 0-0 15. e5 dxe5 16. fxe5 Nd5 17. Ne4 Nb4 18. a3 Nxd3+ 19. Rxd3 Kh8 20. Qf4 Rad8 21. Red1 g5 22. Qg4 Qxe5 23. Nc3 Qf4+ 24. Qxf4 gxf4 25. g3 fxg3 26. Rxg3 Bg5+ 27. Kb1 Rd7 28. Rgd3 Rfd8 29. Ka2 Bf6 30. Nde2 Rxd3 31. cxd3 Be5 32. h3 Bg2 33. h4 Bf3 34. d4 Bg7 35. Kb3 Rc8 36. Rf1 Bxe2 37. Nxe2 Kg8 38. Rd1 Rd8 39. Kb4 Bf6 40. Ka5 Rd6 41. h5 Bd8+ 42. Kb4 Bb6 43. Rg1+ Kf8 44. Rg4 Rd5 45. Rh4 Ke7 46. Kc3 Ba5+ 47. b4 Bb6 48. Kd3 e5 49. Re4 Bxd4 50. Nxd4 Rxd4+ 51. Rxd4 exd4 52. Kxd4 Kd6 53. Ke4 Ke6 54. Kd4 f5 55. Ke3 Ke5 56. Kf3 f4 57. Kg4 Ke4 58. Kh4 Kf3 59. Kh3 Ke3 60. Kh4 f3 0-1

[Event "Pan American-ch U12 24th"]
[Site "Pocos de Caldas"]
[Date "2013.07.31"]
[Round "9.10"]
[White "Frutos, Chase"]
[Black "Lorenzon de Carvalho, Tales Pietro"]
[Result "1-0"]
[WhiteElo "1528"]
[BlackElo "1610"]
[PlyCount "99"]
[EventDate "2013.07.25"]
[EventType "swiss"]
[EventRounds "9"]
[EventCountry "BRA"]
[SourceTitle "EXT 2016"]
[Source "ChessBase"]
[SourceDate "2015.10.08"]
[SourceVersion "1"]
[SourceVersionDate "2015.10.08"]
[SourceQuality "1"]

1. e4 c5 2. Nc3 Nc6 3. Bb5 g6 4. Nf3 Bg7 5. 0-0 a6 6. Bxc6 bxc6 7. Re1 Nf6 8. d3 0-0 9. h3 d6 10. Be3 Rb8 11. Rb1 Nd7 12. Qd2 Bb7 13. Bh6 d5 14. Bxg7 Kxg7 15. Qg5 e6 16. Qg3 Rc8 17. Nh2 e5 18. Ng4 f6 19. Qh4 h5 20. Nh2 f5 21. Qg3 h4 22. Qf3 fxe4 23. Qg4 exd3 24. cxd3 Rf7 25. Nf3 Qf6 26. Re2 Qf5 27. Qxf5 gxf5 28. Nxe5 Nb6 29. Nf3 Rh8 30. Ng5 Rd7 31. Ne6+ Kg8 32. Nxc5 Rg7 33. Nxb7 Rxb7 34. Re6 Rc7 35. Rf6 Kg7 36. Rxf5 Kg6 37. Re5 Rf8 38. Rbe1 Rcf7 39. f3 Nd7 40. Re6+ Rf6 41. d4 Kf5 42. Re7 R8f7 43. Re8 Nb6 44. b3 Rf8 45. R1e5+ Kg6 46. Kf2 R8f7 47. Rh8 Rh7 48. Rxh7 Kxh7 49. Re7+ Kg6 50. Ra7 1-0

[Event "Pan American-ch U12 24th"]
[Site "Pocos de Caldas"]
[Date "2013.07.29"]
[Round "5.3"]
[White "Acosta Cubides, Jorian Jared"]
[Black "Frutos, Chase"]
[Result "1/2-1/2"]
[WhiteElo "1977"]
[BlackElo "1528"]
[PlyCount "116"]
[EventDate "2013.07.25"]
[EventType "swiss"]
[EventRounds "9"]
[EventCountry "BRA"]
[SourceTitle "EXT 2016"]
[Source "ChessBase"]
[SourceDate "2015.10.08"]
[SourceVersion "1"]
[SourceVersionDate "2015.10.08"]
[SourceQuality "1"]

1. e4 c5 2. Nf3 d6 3. d4 cxd4 4. Nxd4 Nf6 5. Nc3 g6 6. Be3 Bg7 7. f3 0-0 8. Qd2 Nc6 9. 0-0-0 Nxd4 10. Bxd4 Be6 11. Kb1 Qc7 12. h4 Rfc8 13. g4 Qa5 14. Qg5 Qxg5 15. hxg5 Nd7 16. Bxg7 Kxg7 17. Rh4 Rc5 18. f4 Rac8 19. Be2 Bc4 20. Bf3 Nf8 21. f5 b5 22. Rh2 Nd7 23. f6+ exf6 24. Rxd6 Be6 25. gxf6+ Nxf6 26. Rg2 a5 27. Nd5 Rc4 28. Nb6 Nxe4 29. Rxe6 fxe6 30. Nxc8 Ng5 31. Bb7 Rc7 32. Nd6 Rd7 33. Rd2 Kf8 34. Bc6 Rc7 35. Bxb5 h5 36. gxh5 gxh5 37. Rh2 Rh7 38. Bd3 Rh6 39. c4 h4 40. c5 Ke7 41. Ne4 Nf3 42. Rh3 Ng1 43. Rh1 Nf3 44. Nf2 Kd7 45. Kc2 Kc7 46. Kc3 Rh5 47. b4 axb4+ 48. Kxb4 Nd4 49. Be4 Rh8 50. Kc4 Nc6 51. Bxc6 Kxc6 52. Re1 Kd7 53. Re3 Ra8 54. a3 Rb8 55. Rb3 Ra8 56. Rb7+ Kc8 57. Rb3 Kd7 58. Ne4 Ra4+ 1/2-1/2

[Event "Pan American-ch U12 24th"]
[Site "Pocos de Caldas"]
[Date "2013.07.28"]
[Round "4.7"]
[White "Frutos, Chase"]
[Black "Benitez Galeano, Alejandro"]
[Result "1-0"]
[WhiteElo "1528"]
[BlackElo "1624"]
[PlyCount "89"]
[EventDate "2013.07.25"]
[EventType "swiss"]
[EventRounds "9"]
[EventCountry "BRA"]
[SourceTitle "EXT 2016"]
[Source "ChessBase"]
[SourceDate "2015.10.08"]
[SourceVersion "1"]
[SourceVersionDate "2015.10.08"]
[SourceQuality "1"]

1. e4 d5 2. exd5 Qxd5 3. d4 Nf6 4. Nc3 Qa5 5. Bc4 Bf5 6. Bd2 e6 7. Nd5 Qa4 8. Bb5+ Qxb5 9. Nxc7+ Kd8 10. Nxb5 Nc6 11. Ne2 a6 12. Nbc3 Bd6 13. Bg5 Kd7 14. Bxf6 gxf6 15. Ng3 Bg6 16. Nge4 f5 17. Nxd6 Kxd6 18. d5 Ne7 19. dxe6+ Kxe6 20. Qe2+ Kf6 21. 0-0-0 Rhe8 22. Rhe1 Kg7 23. Rd7 Nc6 24. Qxe8 Rxe8 25. Rxe8 f4 26. Rxb7 Nd4 27. Rb6 Nf5 28. Rxa6 Nh4 29. g3 fxg3 30. fxg3 Nf5 31. a4 Nh6 32. a5 Ng4 33. Rxg6+ hxg6 34. a6 Nf6 35. Rd8 Ng4 36. a7 Nf6 37. a8Q Kh6 38. Rh8+ Kg5 39. Ne4+ Nxe4 40. Qxe4 Kf6 41. h4 Kg7 42. Qe5+ f6 43. Qe8 g5 44. Rg8+ Kh6 45. Qg6# 1-0

[Event "Pan American-ch U12 24th"]
[Site "Pocos de Caldas"]
[Date "2013.07.27"]
[Round "2.13"]
[White "De Borba, Guilherme"]
[Black "Frutos, Chase"]
[Result "1/2-1/2"]
[WhiteElo "1498"]
[BlackElo "1528"]
[PlyCount "119"]
[EventDate "2013.07.25"]
[EventType "swiss"]
[EventRounds "9"]
[EventCountry "BRA"]
[SourceTitle "EXT 2016"]
[Source "ChessBase"]
[SourceDate "2015.10.08"]
[SourceVersion "1"]
[SourceVersionDate "2015.10.08"]
[SourceQuality "1"]

1. e4 c5 2. Nf3 d6 3. d4 cxd4 4. Nxd4 Nf6 5. Nc3 g6 6. Be3 Bg7 7. f3 0-0 8. Qd2 Nc6 9. g4 Qa5 10. Nb3 Qc7 11. 0-0-0 Be6 12. h4 h5 13. gxh5 Nxh5 14. Nd5 Bxd5 15. Qxd5 Nb4 16. Qd2 Rfc8 17. Bd3 a5 18. a3 Nxd3+ 19. Qxd3 b5 20. f4 a4 21. Nd2 Bh6 22. Rhf1 e6 23. Kb1 Rab8 24. c3 Bg7 25. f5 Qe7 26. fxg6 fxg6 27. Bg5 Qd7 28. e5 Bxe5 29. Qxg6+ Ng7 30. Ne4 d5 31. Bf6 Qb7 32. Bxe5 dxe4 33. Bxb8 Rxb8 34. h5 e3 35. Rg1 Kh8 36. Qh6+ Kg8 37. Qxe6+ Kh8 38. Rd7 Nxe6 39. Rxb7 Rxb7 40. Re1 Nf4 41. Rxe3 Nxh5 42. Re4 Kg7 43. c4 b4 44. c5 bxa3 45. Rxa4 Rxb2+ 46. Ka1 Rc2 47. Rxa3 Rxc5 48. Kb2 Kf6 49. Rc3 Rd5 50. Kb3 Nf4 51. Rc8 Ke5 52. Kb4 Nd3+ 53. Kc3 Ke4 54. Rc4+ Ke3 55. Rc8 Ne5 56. Re8 Rc5+ 57. Kb4 Rc4+ 58. Kb5 Kd4 59. Rxe5 Rc8 60. Re7 1/2-1/2